Aprender Autocad 2010 con 100 ejercicios prácticos

Bewaard in:
Bibliografische gegevens
Coauteur: MEDIAactive (autor)
Formaat: Boek
Taal:Spaans
Gepubliceerd in: Cuernavaca Alfaomega 2010
Editie:1a. ed
Onderwerpen:
Tags: Voeg label toe
Geen labels, Wees de eerste die dit record labelt!

MARC

LEADER 00000cam a2200000 a 4500
001 UCF0436
003 CL-VaPUC
008 120517e20100400MX |||||||||||||||||spa|d
020 |a 9786077854661 
082 0 4 |a 005.133  |b MED  |2 21 
110 |a MEDIAactive  |e autor  |9 562243 
245 1 0 |a Aprender Autocad 2010 con 100 ejercicios prácticos 
250 |a 1a. ed 
300 |a 213 p 
942 |c BK 
945 |d 20120517 00:00:00  |a dcastane 
260 |a Cuernavaca  |b Alfaomega  |c 2010 
650 0 |a AutoCAD  |9 410021 
650 0 |a Programación de computadores   |9 259531 
650 7 |a DISEÑO ASISTIDO POR COMPUTADOR  |2 CL-VaPUC  |9 562244 
583 |a last modification  |c 20121105 01:02:03  |k Rodrigo Vera 
999 |c 347754  |d 347752